लक्ष्मण रेखा के आर-पार / (Record no. 14039)

MARC details
000 -LEADER
fixed length control field 01034nam a22002297a 4500
005 - DATE AND TIME OF LATEST TRANSACTION
control field 20080627101040.0
008 - FIXED-LENGTH DATA ELEMENTS--GENERAL INFORMATION
fixed length control field 080627t xxu||||| |||| 00| 0 hin d
010 ## - LCCN (DPL NO)
LC control number HIN-46177
020 ## - INTERNATIONAL STANDARD BOOK NUMBER
Terms of availability 120.00
035 ## - SYSTEM CONTROL NUMBER
System control number HN-27431
037 ## - SOURCE OF ACQUISITION
Source of stock number/acquisition DBAD
040 ## - CATALOGING SOURCE
Original cataloging agency dpl
Language of cataloging HN
082 ## - DEWEY DECIMAL CLASSIFICATION NUMBER
Classification number क / वागीश
100 ## - MAIN ENTRY--PERSONAL NAME
Personal name वागीश कुमार सिंह
9 (RLIN) 1781
245 ## - TITLE STATEMENT
Title लक्ष्मण रेखा के आर-पार /
Statement of responsibility, etc वागीश कुमार सिंह
246 ## - VARYING FORM OF TITLE
Title proper/short title Laksman rekhaa ke aar paar
Remainder of title by Vageesh Kumar Singh
260 ## - PUBLICATION, DISTRIBUTION, ETC. (IMPRINT)
Place of publication, distribution, etc बीकानेर
Name of publisher, distributor, etc भारत ग्रंथ निकेतन
Date of publication, distribution, etc 1999
270 ## - ADDRESS
Address दाऊजी मंदिर रोड़
City बीकानेर
Postal code 334005
Telephone number (0151) 2542037
300 ## - PHYSICAL DESCRIPTION
Extent 112पृ.
Dimensions 23सेमी. (सजिल्द)
942 ## - ADDED ENTRY ELEMENTS (KOHA)
Item type Hindi Books
Source of classification or shelving scheme Dewey Decimal Classification
Classification part
Call number suffix वागीश
Holdings
Withdrawn status Lost status Source of classification or shelving scheme Damaged status Not for loan Collection code Home library Current library Date acquired Cost, normal purchase price Total Checkouts Full call number Barcode Date last seen Copy number Cost, replacement price Koha item type
    Dewey Decimal Classification   Not For Loan Fiction D.B.Act.Division D.B.Act.Division 27/06/2008 120.00   क / वागीश HN-27431 15/09/2008 1 120.00 Hindi Books

© Delhi Public Library
Hit Counter
free hit counter